书目信息 |
| 书名: | 英语方言学 | |
| 作者: | 玛可夫斯基著. | |
| 分册号: | ||
| 分册名: | 出版地: | 莫斯科 : |
|
| 出版社: | 高校出版社 | |
| 出版时间: | 1980. | |
| 页数: | 191 p. ; | |
| 开本: | 20cm. | |
| 丛书名: | ||
| 中图分类号: | ||
| 科图分类号: | ||
| 其他分类号: | H317 | |
| 主题词: | ||
| 电子资源: | ||
| 000 | 00432nam 2200181 a 4500 | |
| 001 | E0761256245 | |
| 005 | 20070729170423.84 | |
| 008 | 070729s1980 00010 eng | |
| 020 | @cCNY1.80. | |
| 040 | @aPFT@bchi | |
| 041 | @achi@hrus | |
| 090 | @aH317 | |
| 099 | @dH317@ex133 | |
| 245 | 1 | @a英语方言学 / @c玛可夫斯基著. |
| 260 | @a莫斯科 :@b高校出版社,@c1980. | |
| 300 | @a191 p. ;@c20cm. | |
| 650 | @a英语@x方言 | |
| 700 | @a玛可夫斯基 | |
| 英语方言学 / / 玛可夫斯基著.-莫斯科 : : 高校出版社, , 1980. |
| 191 p. ; ; 20cm. |
| ISBN CNY1.80. |
| ● |
| 相关链接 |
|
|
|
|
正题名:英语方言学
索取号:H317/x133
 
预约/预借
| 序号 | 登录号 | 条形码 | 馆藏地/架位号 | 状态 | 备注 |
| 1 | 50012 | 001061317 | 第二样本阅览室/ [索取号:H317/x133] | 在馆 |